[Event "Kishinev Independence Cup"]
[Site "Kishinev"]
[Date "2008.08.17"]
[Round "11"]
[White "Belosvetov, Nikolaj"]
[Black "Susterman, Lazar"]
[Result "1/2-1/2"]
[WhiteElo "2273"]
[BlackElo "2303"]
[PlyCount "28"]
[EventDate "2008.08.08"]
[EventType "tourn"]
[EventRounds "11"]
[EventCountry "MDA"]
[SourceTitle "EXT 2010"]
[Source "ChessBase"]
[SourceDate "2010.11.25"]
[SourceVersion "1"]
[SourceVersionDate "2010.11.25"]
[SourceQuality "1"]

1. d4 d5 2. c4 e6 3. Nc3 Nf6 4. Bg5 Be7 5. e3 c6 6. Nf3 0-0 7. Bd3 dxc4 8. Bxc4 b5 9. Bd3 a6 10. 0-0 Nbd7 11. Ne5 Nxe5 12. dxe5 Nd5 13. Bxe7 Qxe7 14. Ne4 f6 1/2-1/2

[Event "Kishinev Independence Cup"]
[Site "Kishinev"]
[Date "2008.08.13"]
[Round "7"]
[White "Podgursky, Sten"]
[Black "Susterman, Lazar"]
[Result "1/2-1/2"]
[WhiteElo "2260"]
[BlackElo "2303"]
[PlyCount "28"]
[EventDate "2008.08.08"]
[EventType "tourn"]
[EventRounds "11"]
[EventCountry "MDA"]
[SourceTitle "EXT 2010"]
[Source "ChessBase"]
[SourceDate "2010.11.25"]
[SourceVersion "1"]
[SourceVersionDate "2010.11.25"]
[SourceQuality "1"]

1. e4 c5 2. Nf3 d6 3. Bb5+ Bd7 4. Bxd7+ Qxd7 5. d3 g6 6. c3 Bg7 7. 0-0 e6 8. Re1 Ne7 9. Nbd2 0-0 10. Nf1 Nbc6 11. d4 cxd4 12. cxd4 d5 13. e5 Rfc8 14. a3 Na5 1/2-1/2

[Event "Kishinev Independence Cup"]
[Site "Kishinev"]
[Date "2008.08.12"]
[Round "6"]
[White "Susterman, Lazar"]
[Black "Baltag, Iulian"]
[Result "0-1"]
[WhiteElo "2303"]
[BlackElo "2342"]
[PlyCount "58"]
[EventDate "2008.08.08"]
[EventType "tourn"]
[EventRounds "11"]
[EventCountry "MDA"]
[SourceTitle "EXT 2010"]
[Source "ChessBase"]
[SourceDate "2010.11.25"]
[SourceVersion "1"]
[SourceVersionDate "2010.11.25"]
[SourceQuality "1"]

1. e4 c5 2. Nc3 a6 3. Nf3 d6 4. d4 cxd4 5. Nxd4 Nf6 6. f4 e5 7. Nf3 Nbd7 8. a4 Be7 9. Bc4 Qa5 10. Bd2 exf4 11. Qe2 Ne5 12. Bb3 Nxf3+ 13. gxf3 Qe5 14. Rg1 0-0 15. 0-0-0 Bh3 16. Qf2 Rac8 17. Qh4 Nxe4 18. Qxh3 Nxd2 19. Rxd2 Rxc3 20. bxc3 Qxc3 21. Rdd1 d5 22. Rxg7+ Kxg7 23. Rd3 Ba3+ 24. Kd1 Qa1+ 25. Kd2 Qc1+ 26. Kc3 Bb2+ 27. Kb4 Qe1+ 28. c3 Qe7+ 29. Ka5 Qc5# 0-1

[Event "Kishinev Independence Cup"]
[Site "Kishinev"]
[Date "2008.08.11"]
[Round "4"]
[White "Susterman, Lazar"]
[Black "Biliy, Vadim"]
[Result "1/2-1/2"]
[WhiteElo "2303"]
[BlackElo "2346"]
[PlyCount "32"]
[EventDate "2008.08.08"]
[EventType "tourn"]
[EventRounds "11"]
[EventCountry "MDA"]
[SourceTitle "EXT 2010"]
[Source "ChessBase"]
[SourceDate "2010.11.25"]
[SourceVersion "1"]
[SourceVersionDate "2010.11.25"]
[SourceQuality "1"]

1. e4 e5 2. Nf3 Nc6 3. Bb5 d6 4. d4 Bd7 5. Nc3 Nf6 6. Bg5 Be7 7. d5 Nb8 8. Bxd7+ Nbxd7 9. Bxf6 Nxf6 10. 0-0 0-0 11. Qd3 Nh5 12. g3 g6 13. Ne2 f5 14. c4 fxe4 15. Qxe4 Qd7 16. Kg2 Qf5 1/2-1/2

[Event "Tiraspol Lutikov Memorial"]
[Site "Tiraspol"]
[Date "2008.04.03"]
[Round "6"]
[White "Dmitrenko, Viktor"]
[Black "Susterman, Lazar"]
[Result "1/2-1/2"]
[WhiteElo "2362"]
[BlackElo "2312"]
[PlyCount "33"]
[EventDate "2008.03.31"]
[EventType "tourn"]
[EventRounds "9"]
[EventCountry "MDA"]
[EventCategory "2"]
[SourceTitle "EXT 2009"]
[Source "ChessBase"]
[SourceDate "2008.11.26"]
[SourceVersion "1"]
[SourceVersionDate "2008.11.26"]
[SourceQuality "1"]

1. d4 d5 2. Nf3 Nf6 3. c4 e6 4. Nc3 Bb4 5. Bg5 h6 6. Bxf6 Qxf6 7. Rc1 c6 8. e3 0-0 9. a3 Bxc3+ 10. Rxc3 Nd7 11. cxd5 exd5 12. Bd3 Re8 13. 0-0 Qd6 14. b4 a6 15. Qe2 Nf6 16. Ne5 Be6 17. Rb1 1/2-1/2

[Event "Kishinev ULIM Cup"]
[Site "Kishinev"]
[Date "2001.10.14"]
[Round "8"]
[White "Radovanovic, Dusan"]
[Black "Susterman, Lazar"]
[Result "1-0"]
[WhiteElo "2351"]
[BlackElo "2403"]
[PlyCount "84"]
[EventDate "2001.10.07"]
[EventType "swiss"]
[EventRounds "9"]
[EventCountry "MDA"]
[SourceTitle "EXT 2002"]
[Source "ChessBase"]
[SourceDate "2001.11.25"]
[SourceVersion "1"]
[SourceVersionDate "2001.11.25"]
[SourceQuality "1"]

1. e4 Nf6 2. e5 Nd5 3. d4 Nb6 4. Nf3 d6 5. h3 g6 6. Bf4 Bg7 7. Qd2 Nc6 8. Bh6 0-0 9. Bxg7 Kxg7 10. c4 dxe5 11. d5 Nb8 12. Nxe5 e6 13. Nc3 exd5 14. 0-0-0 Nc6 15. Ng4 f5 16. cxd5 fxg4 17. hxg4 Kg8 18. Qh6 Qe7 19. dxc6 bxc6 20. f3 Qg7 21. Bd3 Be6 22. Be4 Rad8 23. Qxg7+ Kxg7 24. Bxc6 Rxd1+ 25. Rxd1 h5 26. gxh5 gxh5 27. b3 h4 28. Rh1 Rh8 29. Kd2 Kg6 30. Ke3 Bf5 31. g4 Bd7 32. Bxd7 Nxd7 33. Nd5 Re8+ 34. Kf2 c6 35. Nf4+ Kg5 36. Nh3+ Kf6 37. Rd1 Ne5 38. Rd4 c5 39. g5+ Kf5 40. Rf4+ Kg6 41. Rxh4 Nd3+ 42. Kg3 Nb4 1-0

[Event "Kishinev ULIM Cup"]
[Site "Kishinev"]
[Date "2001.10.10"]
[Round "4"]
[White "Podgursky, Sten"]
[Black "Susterman, Lazar"]
[Result "1/2-1/2"]
[WhiteElo "2235"]
[BlackElo "2403"]
[PlyCount "21"]
[EventDate "2001.10.07"]
[EventType "swiss"]
[EventRounds "9"]
[EventCountry "MDA"]
[SourceTitle "EXT 2002"]
[Source "ChessBase"]
[SourceDate "2001.11.25"]
[SourceVersion "1"]
[SourceVersionDate "2001.11.25"]
[SourceQuality "1"]

1. e4 e5 2. Nf3 Nc6 3. Bb5 a6 4. Ba4 Nf6 5. 0-0 Be7 6. Re1 b5 7. Bb3 d6 8. c3 0-0 9. d3 Na5 10. Bc2 c5 11. Nbd2 1/2-1/2

[Event "Kishinev ULIM Cup"]
[Site "Kishinev"]
[Date "2001.10.08"]
[Round "2"]
[White "Susterman, Lazar"]
[Black "Baltag, Iulian"]
[Result "1/2-1/2"]
[WhiteElo "2403"]
[BlackElo "2231"]
[PlyCount "34"]
[EventDate "2001.10.07"]
[EventType "swiss"]
[EventRounds "9"]
[EventCountry "MDA"]
[SourceTitle "EXT 2002"]
[Source "ChessBase"]
[SourceDate "2001.11.25"]
[SourceVersion "1"]
[SourceVersionDate "2001.11.25"]
[SourceQuality "1"]

1. e4 c6 2. d4 d5 3. Nd2 dxe4 4. Nxe4 Bf5 5. Ng3 Bg6 6. Nh3 Nf6 7. Nf4 e5 8. Nxg6 hxg6 9. dxe5 Qxd1+ 10. Kxd1 Ng4 11. Ke1 Nxe5 12. Be2 Be7 13. Bd2 a5 14. a3 Ned7 15. Bc3 Bf6 16. Ne4 Bxc3+ 17. bxc3 0-0 1/2-1/2

[Event "Kishinev ULIM Cup"]
[Site "Kishinev"]
[Date "2001.10.07"]
[Round "1"]
[White "Furtuna, Alexei"]
[Black "Susterman, Lazar"]
[Result "1/2-1/2"]
[WhiteElo "2234"]
[BlackElo "2403"]
[PlyCount "70"]
[EventDate "2001.10.07"]
[EventType "swiss"]
[EventRounds "9"]
[EventCountry "MDA"]
[SourceTitle "EXT 2002"]
[Source "ChessBase"]
[SourceDate "2001.11.25"]
[SourceVersion "1"]
[SourceVersionDate "2001.11.25"]
[SourceQuality "1"]

1. e4 c5 2. Nf3 d6 3. d4 cxd4 4. Nxd4 Nf6 5. Nc3 a6 6. Bc4 e6 7. Bb3 b5 8. 0-0 Be7 9. f4 0-0 10. e5 dxe5 11. fxe5 Nfd7 12. Bf4 Nc5 13. Bg3 Qb6 14. Qg4 Nc6 15. Nce2 Bb7 16. c3 Nxb3 17. axb3 Nxd4 18. Nxd4 Rad8 19. b4 Rd7 20. Bh4 Bxh4 21. Qxh4 Qc7 22. Rae1 a5 23. bxa5 Qxa5 24. Re3 b4 25. Rh3 h6 26. Qf4 bxc3 27. bxc3 Qd5 28. Rg3 Kh7 29. Qg4 Rg8 30. Rf6 g6 31. Qf4 Rg7 32. h4 Qe4 33. Qxe4 Bxe4 34. Rf4 Bf5 35. Nb5 Rg8 1/2-1/2

[Event "Odorheiu Secuiesc op"]
[Site "Odorheiu Secuiesc"]
[Date "1993.??.??"]
[Round "6"]
[White "Susterman, Lazar"]
[Black "Dodu, Petre"]
[Result "1-0"]
[WhiteElo "2270"]
[BlackElo "2295"]
[PlyCount "71"]
[EventDate "1993.05.??"]
[EventType "swiss"]
[EventRounds "11"]
[EventCountry "ROU"]
[SourceTitle "TD"]
[Source "ChessBase"]
[SourceDate "1994.03.01"]
[SourceVersion "1"]
[SourceVersionDate "1994.03.01"]
[SourceQuality "1"]

1. e4 e5 2. Nf3 Nc6 3. Bb5 a6 4. Bxc6 dxc6 5. 0-0 Qd6 6. d3 Ne7 7. Nbd2 f6 8. Nc4 Qe6 9. a4 Qf7 10. Ne1 Be6 11. Qe2 g5 12. b4 Ng6 13. Rb1 b6 14. Ne3 Nf4 15. Qd1 Qd7 16. g3 Nh3+ 17. Kg2 h5 18. Qf3 Be7 19. Nf5 0-0-0 20. Kh1 g4 21. Qg2 Bxf5 22. exf5 Qxf5 23. Qxc6 Kb8 24. Be3 Rd6 25. Qg2 h4 26. a5 b5 27. c4 Qe6 28. cxb5 axb5 29. Rc1 f5 30. Ba7+ Kc8 31. Qa8+ Kd7 32. Qxh8 Qd5+ 33. Ng2 hxg3 34. fxg3 f4 35. Qh5 Qe6 36. gxf4 1-0